000 00451nam a2200181Ia 4500
005 20250603145606.0
008 250603s9999 xx 000 0 und d
020 _a1555630715
050 _aTN 871 .P76/
100 _aLancaster, David E...(et al)
245 0 _aProduction from fractured shales : no. (45)
260 _aTexas
260 _bSociety of petroleum engineers
260 _c1996
300 _a269 p
650 _aTexas
942 _cBK
999 _c42293
_d42293